Geografia Azji Quiz #2 - Statystyki

Ogólne statystyki
  • Ten quiz został rozwiązany 8 razy
  • Średni wynik to 10 z 20
Statystyki odpowiedzi
Zagadnienie Odpowiedź % Poprawnych
Jaka jest stolica Turcji? Ankara
100%
Jakie są dwie najwyższe góry na świecie? Mount Everest
100%
Jakie są dwie najwyższe góry na świecie? K2
88%
Oprócz gwiazdy, jaki obiekt widnieje na fladze Turcji i Pakistanu? Półksiężyc
75%
Które miasto jest domem aktorów sztuk walki: Bruce'a Lee, Jackie Chana i Chow Yun-fata? Hong Kong
63%
Który kraj azjatycki ma największą gęstość zaludnienia? Singapur
63%
Którym krajem rządzi Baszar al-Assad od 2000 roku? Syria
63%
Która wyspa na Filipinach jest największa? Luzon
50%
Które miasto jest największe, w którym najczęściej używanym językiem jest hindi? Delhi
38%
Jak nazywa się region obejmujący Wietnam, Kambodżę i Laos? Indochiny
38%
Które morze styka się z Jemenem, Omanem, Pakistanem i Indiami? Morze Arabskie
38%
Oprócz ludzi, jaki jest jedyny wielki małpolud pochodzący z Azji? Orangutan
38%
Jaki region, zaczynający się na literę P, leży na terenie Indii i Pakistanu? Pendżab
38%
Które miasto w Japonii słynie z wołowiny? Kobe
25%
Który region Chin przylega do największej części granicy z Mongolią? Mongolia {Wewnętrzna}
25%
Z jakim morzem graniczy Azerbejdżan? Morze Kaspijskie
25%
Które miasto w delcie rzeki Jangcy ma nazwę oznaczającą w języku chińskim „Południową Stolicę”? Nankin
25%
Jaki język znany jest również jako Farsi? Perski
25%
Jaka jest waluta Korei Południowej? Won południowokoreański
25%
Które miasto w Pakistanie jest najludniejsze? Karachi
13%
Nie znaleziono quizów pasujących do podanych kryteriów
Rozkład punktacji
Procent ludzi z każdym wynikiem
Percentyl według liczby udzielonych odpowiedzi
Twoja historia wyników
Nie rozwiązałeś tego quizu